The Lazarus Effect (Record no. 335112)
[ view plain ]
| 000 -LEADER | |
|---|---|
| fixed length control field | 00490nam a2200097Ia 4500 |
| 008 - FIXED-LENGTH DATA ELEMENTS--GENERAL INFORMATION | |
| fixed length control field | 170517s9999 xx 000 0 und d |
| 245 #4 - TITLE STATEMENT | |
| Title | The Lazarus Effect |
| 300 ## - PHYSICAL DESCRIPTION | |
| Extent | The 30 minute film illustrates the transformative effect of life-saving antiretroviral medicine through the stories of HIV+ people in Zambia. By taking the ARV medicine – 2 life-saving pills that cost around 40 cents a day – in as... |
| 650 ## - SUBJECT ADDED ENTRY--TOPICAL TERM | |
| General subdivision | Technology. |
| 856 ## - ELECTRONIC LOCATION AND ACCESS | |
| Uniform Resource Identifier | <a href="http://topdocumentaryfilms.com/lazarus-effect/">http://topdocumentaryfilms.com/lazarus-effect/</a> |
| Withdrawn status | Lost status | Damaged status | Home library | Current library | Date acquired | Total Checkouts | Date last seen | Price effective from | Koha item type |
|---|---|---|---|---|---|---|---|---|---|
| College Library | College Library | 05/17/2017 | 05/17/2017 | 05/17/2017 | Documentary Films |